000 00828nam a2200181 i 4500
001 90224
003 ES-MaACL
005 20230906180402.0
008 050119s1959 sp a |||| | spa d
100 1 _aLedesma, Manuel.
_971146
245 1 0 _aOndas de montaña sobre España central
_b: condiciones sinópticas que producen ondas de sotavento causadas por vientos del sur sobre el sistema montañoso central de España /
_cpor Manuel Ledesma.
260 _aMadrid :
_bSección de Predicción,
_c1959 (
_fGráf. Virgen de Loreto)
300 _a24 p. :
_bil. ;
_c24 cm.
594 _aPrecede al tít.: Ministerio del Aire. Dirección General de Protección de Vuelo. Servicio Meteorológico Nacional.
650 4 _aViento.
_9144224
710 1 _aEspaña.
_bServicio Meteorológico Nacional.
_93981
852 _aES-MaACL
_j2017-F-28
999 _c90224
_d90224